Oiseaux de fiction par images - Statistiques

Statistiques générales
  • Ce quiz a été pris 178 fois
    58 depuis la dernière actualisation
  • Le résultat moyen est 10 sur 20
Statistiques - réponses
Par images Réponse % Correct
Donald Duck
98%
Caliméro
90%
Titi
90%
Balthazar Picsou
85%
Bip Bip
85%
Daffy Duck
79%
Hedwige
75%
Woody Woodpecker
69%
Zazu
62%
Grue
52%
Blu
48%
Ho-Oh
48%
Falco
35%
Eurêka
23%
Maître Hibou
21%
Grand Aigle
13%
Pichu
13%
Chocobo
12%
L'Amiral
4%
Rocky
2%
Aucun quiz correspondant
Distribution des résultats
% des personnes avec chaque résultat
Percentile par nombre de réponses
Votre historique - résultats
Vous n’avez pas pris ce quiz depuis la dernière actualisation